| 000 | 00000nas 2200000za 4500 |
| 001 | 9.504497 |
| 003 | CaOODSP |
| 005 | 20200325082626 |
| 007 | cr ||||||||||| |
| 008 | 150406s2002 onc x m o f0 a0eng|d |
| 040 | |aCaOODSP|beng |
| 043 | |an-cn--- |
| 086 | 1 |aCP32-79E-IN |
| 130 | 0 |aDiscussion paper (Commission on the Future of Health Care in Canada) |
| 245 | 10|aDiscussion paper |h[electronic resource]. |
| 260 | |a[Saskatoon] : |bCommission on the Future of Health Care in Canada, |c2002. |
| 310 | |aIrregular |
| 500 | |aIssued also in French under title: Étude. |
| 690 | 07|aHealth|2gcpds |
| 710 | 1 |aCanada. |bPrivy Council Office. |
| 710 | 1 |aCommission on the Future of Health Care in Canada. |
| 775 | 08|tÉtude |w(CaOODSP)9.500911 |